000 00279nam a2200121Ia 4500
008 190216s9999||||xx |||||||||||||| ||und||
100 _aChatergee .p.n
245 0 _aModern Algebra
260 _bRajhans Publications
_c1997
300 _a96
650 _aMathematics
942 _cBK
999 _c31282
_d31282